| 000 | 01086cam a2200301 4500 | ||
|---|---|---|---|
| 001 | 9535 | ||
| 005 | 20230410103647.0 | ||
| 008 | 060907s1999 sp spa | ||
| 020 | _a8440692978 | ||
| 035 | _9funglode9614 | ||
| 041 | _aspa | ||
| 050 | 1 | 4 |
_a300 DR 16 _bK17f 1999 |
| 082 | 0 | 0 | _a949.7 |
| 100 | 1 |
_aKaplan, Robert D., _d1952- |
|
| 245 | 1 | 0 |
_aFantasmas balcánicos : _bun viaje a través de la historia/ _cRobert D. Kaplan |
| 250 | _a2a ed. | ||
| 260 |
_aBarcelona : _bEdiciones B, _c1999 |
||
| 300 |
_a390 p. : _bmapa ; _c19 cm. |
||
| 500 | _aTítulo original: Balkan ghosts : a journey through history | ||
| 651 | 0 |
_aBalkan Peninsula _xDescription and travel. |
|
| 651 | 0 |
_aBalkan Peninsula _xHistory. |
|
| 600 | 1 | 0 |
_aKaplan, Robert D., _d1952- _xTravel _zBalkan Peninsula |
| 651 | 4 |
_aPenínsula Balcánica _xViajes y descripción |
|
| 651 | 4 |
_aPenínsula Balcánica _xHistoria |
|
| 651 | 4 |
_aPenínsula balcánica _xHistoria _yGuerra de 1912-1913 _y1995-1996 _xRelatos personales. |
|
| 600 | 1 | 4 |
_aKaplan, Robert D., _d1952- _xViajes _zBalcán Península |
| 942 |
_2lcc _cbk |
||
| 999 |
_c23419 _d23419 |
||